Jak sestavit produkční plán.

Plán výroby by mal pokrývať fyzickú stránku výroby a odpovedať na otázky týkajúce sa činnosti, zdrojov a pracovníkov, ktoré sú potrebné pre výrobu, či poskytovanie služby. Mal by sa zamerať na výrobný proces, technológie, zariadenia, materiálové požiadavky, zásobovanie surovinami, organizačnú štrukt...

Descrizione completa

Salvato in:
Dettagli Bibliografici
Autore principale: Records, M.
Natura: Capitolo di libro
Lingua:ceco
Soggetti:
Tags: Aggiungi Tag
Nessun Tag, puoi essere il primo ad aggiungerne!!

MARC

LEADER 00000naa a2200000 4500
001 r008167
005 20220831083712.2
041 0 |a cze 
044 |a [CS] 
245 1 0 |a Jak sestavit produkční plán.  |c M. Records 
520 |a Plán výroby by mal pokrývať fyzickú stránku výroby a odpovedať na otázky týkajúce sa činnosti, zdrojov a pracovníkov, ktoré sú potrebné pre výrobu, či poskytovanie služby. Mal by sa zamerať na výrobný proces, technológie, zariadenia, materiálové požiadavky, zásobovanie surovinami, organizačnú štruktúru, personálne obsadenie, metódy manažmentu, spôsoby distribúcie. Náčrt procesu postupu pri jeho zostavovaní. 
610 2 0 |a plán výrobný 
610 2 0 |a proces výrobný 
610 2 0 |a štruktúra organizačná 
610 2 0 |a plánovanie výroby 
100 1 |a Records, M.